000 00628cam a22002053a 4500
001 39681
003 PGUSA
005 20140828083900.0
008 120512s2012||||xxu|||||s|||||000 | eng d
040 _aPGUSA
_beng
042 _adc
100 1 _aBashford, Henry
245 1 4 _aThe Corner of Harley Street :
_bBeing Some Familiar Correspondence of Peter Harding, M.D.
_h[electronic resource] /
_cHenry Bashford
260 _bProject Gutenberg,
_c2012
506 _aPublic domain in the USA.
516 _aElectronic text
830 0 _aProject Gutenberg
_v39681
856 4 0 _uhttp://www.gutenberg.org/ebooks/39681
942 _cEB
999 _c268934
_d268934